000 01121cam a22003377a 4500
003 CHAP
005 20220329142422.0
008 010110d1999 us r 00110 eng d
010 _a83171
011 _a84143
020 _a0849321190
035 _a94662
040 _cCHAP
082 0 4 _a581.6
_bW5
100 0 0 _aWiersema, John H.
_9121849
245 1 0 _aWorld economic plants :
_ba standard reference
_c/by John H. Wiersema and Blanca León
260 _aBoca Raton, Florida :
_bCRC Press,
_c1999.
300 _a749 p.
590 _aBATCH-UPD
_b10
_c20130110
_lUCH01
_h0748
590 _aBATCH-UPD
_b10
_c20130410
_lUCH01
_h0428
590 _aBATCH-UPD
_b10
_c20130914
_lUCH01
_h0740
590 _aCONVERSION
_b10
_c20130109
_lUCH01
_h1346
650 1 4 _aBotánica económica.
_914655
650 1 4 _aPlantas
_xIdentificación.
_988842
700 0 _aLeón, Blanca.
_966215
901 _aBK
905 _aLilia Sánchez G.
942 _cLIBRO
949 _a581.6 W6
_bBC
_cC
_d33724000812160
_eC
_gI.208864
_h99286
_i94662
_sex
_t$1.248.00
949 _a581.6 W6
_bBC
_cC
_d33724000819207
_eC
_fc.2
_gI.211226
_h99844
_i94662
_sb
_t$1.238.40
999 _c83171
_d83171